000
00257nam a22000977a 4500
008
240902b |||||||| |||| 00| 0 eng d
020
_a
9789351611721
100
_a
Bhatia R C
_9
7797
245
_a
Entrepreneurship
260
_a
New Delhi
_b
Sultan Chand & Sons
_c
2020
999
_c
12643
_d
12643